000
00263nam a22001217a 4500
008
170424b xxu||||| |||| 00| 0 eng d
041
_a
eng
080
_a
54
100
_a
12
101
_a
SHM
245
_a
PHYSIOLOGICAL CHEMISTRY
_c
HARPER.H.A
942
_2
udc
_c
BK
999
_c
11768
_d
11768